| 000 | 00735cam a22002174a 4500 | ||
|---|---|---|---|
| 001 | 13223764 | ||
| 005 | 20250325105124.0 | ||
| 008 | 030604s2004 njua bf 001 0 eng | ||
| 020 | _a0131129317 | ||
| 020 | _a9780131129313 | ||
| 050 | 0 | 0 |
_aLC32 _b.G74 2004 |
| 082 | 0 | 0 |
_a371.39/43 _221 |
| 100 | 1 |
_aGray, Elaine, _d1954- |
|
| 245 | 1 | 0 |
_aConscious choices : _ba model for self-directed learning / _cElaine Gray, Sharon Ainsley, contributing author. |
| 260 |
_aUpper Saddle River, N.J. : _bPearson/Prentice Hall, _cc2004. |
||
| 300 |
_axx, 152 p. : _bill. ; _c24 cm. |
||
| 650 | 0 |
_aSelf-culture _vHandbooks, manuals, etc. |
|
| 650 | 0 |
_aContinuing education _vHandbooks, manuals, etc. |
|
| 700 | 1 | _aAinsley, Sharon. | |
| 942 |
_2lcc _cBK _n0 |
||
| 999 |
_c5174 _d5174 |
||